Well, better than the alternative lyrics Will Wood - Statistics

General Stats
  • This quiz has been taken 22 times
  • The average score is 463 of 510
Answer Stats
Answer % Correct
a
100%
A
100%
and
100%
And
100%
be
100%
could
100%
Could
100%
how
100%
I
100%
if
100%
me
100%
out
100%
tell
100%
that
100%
the
100%
The
100%
up
100%
Up
100%
when
100%
with
100%
would
100%
Would
100%
you
100%
your
100%
along
95%
alright
95%
at
95%
Baby,
95%
but
95%
But
95%
do
95%
don't
95%
for
95%
gonna
95%
I'm
95%
in
95%
it,
95%
it?
95%
it
95%
like
95%
play
95%
right
95%
then
95%
this
95%
This
95%
to
95%
we
95%
We
95%
what's
95%
What's
95%
wrong
95%
all
90%
by
90%
can
90%
find
90%
growing
90%
isn't
90%
know
90%
my
90%
My
90%
on
90%
pretty
90%
see
90%
She's
90%
so
90%
things
90%
wanna
90%
well
90%
We'll
90%
where
90%
You're
90%
you're
90%
about
85%
autumn
85%
back
85%
bomber
85%
business
85%
buzzcuts,
85%
coats
85%
collars
85%
daughter's
85%
eleven
85%
Everybody
85%
everybody's
85%
Everybody's
85%
fingers
85%
girls
85%
happen
85%
holding
85%
lab
85%
lemonade
85%
nobody
85%
of
85%
Pan
85%
Peter
85%
Pink
85%
rabbits
85%
rat
85%
speak
85%
still
85%
take
85%
telling
85%
than
85%
were
85%
we're
85%
white
85%
Yellow
85%
advantage
80%
catch
80%
Christmas
80%
death
80%
different
80%
everyone's
80%
first
80%
found
80%
innocence
80%
into
80%
It's
80%
kiss
80%
kiss,
80%
knows
80%
laid
80%
let
80%
lot
80%
lyric,
80%
match
80%
or
80%
pulling
80%
should
80%
sick,
80%
stranger
80%
they
80%
anybody
75%
bed
75%
been
75%
better
75%
done
75%
dream
75%
finish
75%
Guilty
75%
hand-me-downs
75%
just
75%
laugh
75%
mistletoe
75%
nosebleed
75%
now,
75%
off
75%
simple
75%
Smudged
75%
sunset
75%
times
75%
trying
75%
across
70%
After
70%
big
70%
cheek
70%
exactly
70%
fit
70%
future
70%
gently
70%
grown
70%
lines,
70%
looking
70%
lost
70%
played
70%
pockets
70%
seats
70%
since
70%
stingers
70%
tears
70%
that's
70%
used
70%
Warmer
70%
yank
70%
dimples
65%
home
65%
Loved,
65%
toast
65%
wide
65%
Wondering
65%
yesterdays
65%
anything.
60%
anything
60%
brow
60%
burns,
60%
cigarette
60%
god damn
60%
scraped-knee
60%
see it
60%
sent
60%
sequence
60%
through
60%
Walking
60%
we've
60%
We've
60%
you've
60%
bikes
50%
banadage
5%
No matching quizzes found
Score Distribution
Percent of People with Each Score
Percentile by Number Answered
Your Score History
You have not taken this quiz